Stimulácia podnikateľskej sféry pri realizácii zámerov ekologickej politiky v SR

Salvato in:
Dettagli Bibliografici
Autore principale: Romančíková, Eva
Natura: Capitolo di libro
Lingua:slovacco
Tags: Aggiungi Tag
Nessun Tag, puoi essere il primo ad aggiungerne!!

MARC

LEADER 00000naa$a2200000$$$4500
001 0086759
005 20220531102600.9
041 0 |a slo 
044 |a SK 
245 1 0 |a Stimulácia podnikateľskej sféry pri realizácii zámerov ekologickej politiky v SR  |c Eva Romančíková 
100 1 |a Romančíková, Eva